LEADER 00899naa a2200229 u 4500 001 000000095562 003 CaOOAMICUS 005 20070226130143.0 008 040705s1986 it u000 u ita u 020 $a8806593412 035 $a11002978 040 $aIAR$bita 100 1 $aProdi, Paolo.$0(OLS)http://pul/name/18623 245 14$aIl "sovrano pontefice" /$cPaolo Prodi. 260 $aTorino :$bGiulio Einaudi,$c1986. 300 $aS. 198-219, ;$c22 cm 650 4$aPapi$xPotere temporale.$0(OLS)http://pul/subject/55 773 0 $aStoria d'Italia (Giulio Einaudi ed.)$gAnnali 9. 773 0 $tStoria d'Italia. Annali. 9, La Chiesa e il potere politico dal Medioevo all'età contemporanea$w()28851 996 $6020$a8806593412$9(OLS)http://pul/number/35870 996 $6245$aIl "sovrano pontefice"$9(OLS)http://pul/title/122439 996 $6260$aTorino :$bGiulio Einaudi$9(OLS)http://pul/publisher/54573 LEADER 01065nam a2200265 u 4500 001 000000082478 003 CaOOAMICUS 005 20070320093554.0 008 050414s1956 fr u000 u fre u 035 $a11039091 040 $aPUL(R)$bita 041 1 $afre$hger 100 1 $aBalthasar, Hans Urs von,$ccardinale,$d1905-1988.$0(OLS)http://pul/name/1429 240 14$aDas Herz der Welt.$lfrancese.$0(OLS)http://pul/title/107769 245 13$aLe coeur du monde /$cHans Urs Von Balthasar ; traduit par Robert Givord. 260 $aParis-Louvain :$bDesclée de Brouwer,$c1956. 300 $a240 p. ;$c19 cm 490 1 $aPrésence chrétienne 650 4$aMeditazioni.$0(OLS)http://pul/subject/581 830 0$aPrésence chrétienne.$0(OLS)http://pul/title/31524 850 $aPUL 852 $aPUL$W1$xDP1 Fondo Cecchetti$y53$m260 I 36$j105081$nBK-PRI$qFondi$B105081$CPULBib$Z2$F105081 $81 941 1 $a1 996 $6245$aLe coeur du monde$9(OLS)http://pul/title/107770 996 $6260$aParis-Louvain :$bDesclée de Brouwer$9(OLS)http://pul/publisher/51920